| 000 | 00463nam a2200145Ia 4500 | ||
|---|---|---|---|
| 008 | 220214s9999 xx 000 0 und d | ||
| 022 | _a0931-2048 | ||
| 245 | 0 | _aJOURNAL OF APPLIED ENTOMOLOGY (ZEITSCHRIFT FUR ANGEWANDTE ENTOMOLOGIE) | |
| 260 |
_bVerlag Paul Parey, Berlin _aGermany |
||
| 310 | _aM | ||
| 500 | _aEnding Volume & Year: 119, 1995 | ||
| 500 | _aMissing Volume: 99(4);111-116;119(11,12) | ||
| 500 | _aStarting Volume & Year: 95, 1983 | ||
| 942 | _cBJ | ||
| 999 |
_c13103 _d13103 |
||